Dicionário da Língua Portuguesa Contemporânea da Academia das Ciências de Lisboa (Registo nº 22)

Detalhes MARC
000 -Etiqueta do registo
Cabeçalho 01076nam a2200337 4500
005 - Identificador da versão
Campo de controlo 20240813121752.0
010 ## - Número internacional normalizado dos livros (ISBN)
Número (ISBN) 9722220462
021 ## - Número do Depósito Legal
Código do país PT
Número 161290/01
035 ## - Other System Control Numbers
System Control Number 0000022
System Control Number 0000022
System Control Number 0000022
System Control Number 0000022
100 ## - Dados gerais de processamento
Dados gerais de processamento 20010731d2001 me y0pory5003 ba
102 ## - Pais de publicação ou produção
País de publicação Portugal
101 0# - Língua de publicação
Língua do texto, banda sonora, etc. Português
106 ## - Campo de dados codificados: material textual
Dados codificados do material textual r
105 ## - Campo de dados codificados: livros
Dados codificados dos livros y z 000yy
215 ## - Descrição física 
Indicação específica da natureza do documento e extensão da espécie 2 v.
Dimensões 25 cm
200 1# - Titulo e menção de responsabilidade
Título próprio Dicionário da Língua Portuguesa Contemporânea da Academia das Ciências de Lisboa
Primeira menção de responsabilidade [ed. lit.] Academia das Ciências de Lisboa, Fundação Calouste Gulbenkian
210 ## - Publicação, Distribuição, etc. 
Lugar da edição, distribuição, etc. Lisboa
Nome do editor, distribuidor, etc. Verbo
Data da publicação, distribuição, etc. imp. 2001
327 1# - Nota de conteúdo 
Texto da nota 1º v. : A-F. - 1846, [3] p. a 2 colns.
-- 2º v. : G-Z. - 3809, [2] p. a 2 colns.
606 ## - Nome comum usado como assunto
Número de registo de entrada de autoridade 0000038
Palavra de ordem Língua portuguesa
Subdivisão de assunto [Dicionários]
675 ## - Classificação Decimal Universal (CDU)
Notação 811.134.3(038)
Edição BN
Língua da edição por
Edição BN
Língua da edição por
712 02 - Nome de colectividade-autor (responsabilidade secundária)
Número de registo de entrada de autoridade 0000057
Palavra de ordem Academia das Ciências de Lisboa
Código de função Editor literário / Coordenador
Número de registo de entrada de autoridade 0000058
Palavra de ordem Fundação Calouste Gulbenkian
Código de função Editor literário / Coordenador
966 ## - Identificação da Biblioteca
Sigla NUMETECA
942 ## - Elementos de entrada adicionados (Koha)
Tipo de item no Koha Livro
Exemplares
Situação do levantamento Origin of item (home branch) (coded) Biblioteca de empréstimo Código de barras Cota Circulation type (not for loan) Tipo de documento Nota do exemplar Damaged status
  Biblioteca Escolar Eng. Nuno Mergulhão Biblioteca Escolar Eng. Nuno Mergulhão BENM415 811 DIC   Cativo Sem mensagem  
  Biblioteca Escolar Eng. Nuno Mergulhão Biblioteca Escolar Eng. Nuno Mergulhão BENM416 811   Cativo Sem mensagem